| 000 | 00432nam a2200157 i 4500 | ||
|---|---|---|---|
| 001 | 50864 | ||
| 003 | ES-MaACL | ||
| 005 | 20230906162242.0 | ||
| 007 | t| | ||
| 008 | 030807s1969 sp ||||1| gao d | ||
| 100 | 1 |
_aCurros Enríquez, Manuel. _942232 |
|
| 245 | 1 | 0 |
_aO divino sainete / _cManuel Curros Enríquez. |
| 260 |
_aCruña : _bCastro, _c1969. |
||
| 300 |
_a176 p., 9 lám. ; _c19 cm. |
||
| 852 |
_aES-MaACL _jC-51597 _bR.70665 |
||
| 999 |
_c50864 _d50864 |
||